| 000 | 00614nam a2200181Ia 4500 | ||
|---|---|---|---|
| 003 | GCL | ||
| 008 | 140319s9999 xx 000 0 ara d | ||
| 040 |
_aGCL / _cGCL |
||
| 082 | 0 | 4 |
_a345.04 _bع ح |
| 100 | 1 |
_aعبدالفتاح مراد _vReviewer _@ _٠راجع |
|
| 245 | 1 | 0 |
_aجرائم الامتناع فى قانون العقوبات / _cعبدالفتاح مراد |
| 260 |
_a[S.N] : _bمكتبه النهضه المصريه ، _c1990 |
||
| 300 | _a464 ص | ||
| 490 |
_aالكتب القانونية _v0 |
||
| 650 | 0 | 4 | _aالقانون |
| 650 | 0 | 4 | _aقانون العقوبات |
| 942 |
_2ddc _cBK |
||
| 999 |
_c43154 _d43154 |
||